00896nam a2200241 a 450000100100000000500170001000800410002702000140006804000250008208200150010710000240012224000430014624501200018926000430030930000280035249000180038050000320039870000320043070000370046283000250049995201130052499900170063700004298020201002040539.0140214s2003 sp a 000 0 spa d z843108836 aDO-SdBNPbspacBNPHU axxxbT926c1 aTuner, Adair97047510aJust capital. The liberal economyleng10aCapital justo :bla economía liberal /cAdair Tuner ; traducción de Mónica Rubio ; prólogo Ralf Dahrendorf. aBarcelona :bTusquets Editores,c2003. a404 p. :bil. ;c23 cm.1 aKriteriosv12 aBibliografía : p. 399-40412aRubio, Mónicaetr.97047612aDahrendorf, Ralfepról.970477 0aKriteriosn12970478 001050718MOaGRbGRcCTd2014-02-14iLF1l0oxxx T926cp42980-10r2020-06-25w2020-06-25y1ZNo se presta c42469d42469